| 000 | 00633nam a2200253Ia 4500 | ||
|---|---|---|---|
| 008 | 160803s9999 xx 000 0 und d | ||
| 020 | _a978-0590275996 | ||
| 100 | _aHollander, Cass | ||
| 245 | _aWhy bear has a short tail : | ||
| 245 | _cretold by Cass Hollander ; illustrated by Cathy Pavia. | ||
| 260 | _aNew York : | ||
| 260 | _bScholastic Inc. | ||
| 260 | _c1994 | ||
| 300 | _a16 pages : | ||
| 300 | _bcolor illustrations ; | ||
| 300 | _c19 x 24 cm | ||
| 650 | _aBears -- | ||
| 650 | _aBears. | ||
| 650 | _aFoxes -- | ||
| 650 | _aFoxes. | ||
| 650 | _xFolklore. | ||
| 650 | _xFolklore. | ||
| 700 | _a400 | ||
| 999 |
_c298367 _d298367 |
||